| 000 | 00485nam a2200193 a 4500 | ||
|---|---|---|---|
| 001 | 1766824442757 | ||
| 003 | YourLibrary | ||
| 005 | 20251229124202.0 | ||
| 008 | 251227s1995##################000#0#eng## | ||
| 020 | _a9780060675943 | ||
| 082 | 0 | 4 | _a242.2KOE |
| 100 | 1 |
_aKoenig-Bricker, Woodeene, _eauthor. |
|
| 245 | 1 | 0 | _a365 Saints : |
| 260 |
_bHarper Collins, _c1995. |
||
| 300 | _a388 pages | ||
| 650 | 0 | _aReligion. | |
| 942 | _cENGLISH | ||
| 040 |
_aYourLibrary _beng _cYourLibrary |
||
| 999 |
_c605807 _d605807 |
||